| 000 | 00587nam a2200205 a 4500 | ||
|---|---|---|---|
| 001 | 10342 | ||
| 005 | 20180713194415.0 | ||
| 008 | 140415s1993 mx 000 0 spa d | ||
| 020 | _a9681640292 | ||
| 041 | _aspa | ||
| 082 |
_a301.01 _bMAF |
||
| 100 | 1 | _aMAFFESOLI, MICHEL | |
| 245 | 1 | 3 |
_aEL CONOCIMIENTO ORDINARIO : _bCOMPENDIO DE SOCIOLOGIA |
| 250 | _a1a ed. | ||
| 260 |
_aMEXICO : _bFONDO DE CULTURA ECONOMICA, _c1993 |
||
| 300 |
_a216 _c13.6 x 1.3 x 21 |
||
| 490 | _aSECCION DE OBRAS DE SOCIOLOGIA | ||
| 650 | 1 | 4 | _aSOCIOLOGIA |
| 700 | 1 |
_aCORDOBA, MERCEDES _etr. |
|
| 999 |
_c10342 _d10342 |
||